| 000 | 00000nam 2200000zi 4500 |
| 001 | 9.954227 |
| 003 | CaOODSP |
| 005 | 20250822102752 |
| 006 | m o d f |
| 007 | cr cn |||||||| |
| 008 | 250818s2024 onca o f000 0 fre d |
| 040 | |aCaOODSP|bfre|erda|cCaOODSP |
| 043 | |an-cn--- |
| 086 | 1 |aT35-2/4-2-2024F-PDF |
| 245 | 00|aFaits saillants sur le Fonds navire. |
| 264 | 1|aOttawa (Ontario) Canada : |bIndemnisation navire et rail Canada, Fonds navire, |c[2024] |
| 300 | |a1 ressource en ligne (8 pages non numérotées) : |billustrations |
| 336 | |atexte|btxt|2rdacontent/fre |
| 337 | |ainformatique|bc|2rdamedia/fre |
| 338 | |aressource en ligne|bcr|2rdacarrier/fre |
| 500 | |aPublié aussi en anglais sous le titre : Key facts about the Ship Fund. |
| 500 | |aTitre de départ. |
| 610 | 26|aIndemnisation navire et rail Canada. |bFonds navire. |
| 650 | 6|aResponsabilité pour dommages dus à la pollution par les hydrocarbures|zCanada. |
| 650 | 6|aDéversements de pétrole|xRéclamations|zCanada. |
| 650 | 6|aIndemnisation|zCanada. |
| 710 | 2 |aIndemnisation navire et rail Canada. |bFonds navire, |eorganisme de publication. |
| 775 | 08|tKey facts about the Ship Fund.|w(CaOODSP)9.954228 |
| 856 | 40|qPDF|s 1.53 Mo|uhttps://publications.gc.ca/collections/collection_2025/tc/T35-2-4-2-2024-fra.pdf |